द पेज थ्री मर्डर्स / (Record no. 16551)

MARC details
000 -LEADER
fixed length control field 01261nam a22002297a 4500
008 - FIXED-LENGTH DATA ELEMENTS--GENERAL INFORMATION
fixed length control field 081007t xxu||||| |||| 00| 0 mar
010 ## - LCCN (DPL NO)
LC control number MAR-19894
020 ## - INTERNATIONAL STANDARD BOOK NUMBER
Terms of availability 200.00
International Standard Book Number 9788177669657
035 ## - SYSTEM CONTROL NUMBER
System control number MR-12552
037 ## - SOURCE OF ACQUISITION
Stock number D.B.Act /pub
082 ## - DEWEY DECIMAL CLASSIFICATION NUMBER
Classification number 823
100 ## - MAIN ENTRY--PERSONAL NAME
Personal name स्वामीनाथन, कल्पना
245 ## - TITLE STATEMENT
Title द पेज थ्री मर्डर्स /
Statement of responsibility, etc कल्पना स्वामीनाथन; निर्मला मोने द्वारा अनुदित
246 ## - VARYING FORM OF TITLE
Title proper/short title The Page Three Murders
Remainder of title by Kalpana Swaminathan
260 ## - PUBLICATION, DISTRIBUTION, ETC. (IMPRINT)
Place of publication, distribution, etc पुणे
Name of publisher, distributor, etc मेहता पब्लिशिंग हाऊस
Date of publication, distribution, etc 2007
270 ## - ADDRESS
Address 1941,सदाशिव पेठ
City पुणे
Postal code 400043
300 ## - PHYSICAL DESCRIPTION
Extent 264 पृ
Dimensions 22सेमी (अजिल्द)
650 ## - SUBJECT ADDED ENTRY--TOPICAL TERM
Topical term or geographic name as entry element अंग्रेजी कादंबरी
Form subdivision मराठी में अनुवाद
650 ## - SUBJECT ADDED ENTRY--TOPICAL TERM
Topical term or geographic name as entry element English Fiction
Form subdivision Tranlation into Marathi
942 ## - ADDED ENTRY ELEMENTS (KOHA)
Source of classification or shelving scheme Dewey Decimal Classification
Item type Marathi Books
Classification part 823
Call number prefix 823 / स्वामीना
Call number suffix स्वामीना
Holdings
Withdrawn status Lost status Source of classification or shelving scheme Damaged status Not for loan Collection code Home library Current library Date acquired Source of acquisition Cost, normal purchase price Total Checkouts Full call number Barcode Date last seen Copy number Cost, replacement price Koha item type
    Dewey Decimal Classification     Fiction D.B.Act.Division D.B.Act.Division 13/10/2008 DBAD / 200.00   823 स्वामीना MR-12552 13/10/2008 1 200.00 Marathi Books

© Delhi Public Library
Hit Counter
free hit counter